|
|
|
|
| LEADER |
00920nam a2200229 a 4500 |
| 001 |
2910347 |
| 008 |
091105s1989 nyua b 001 0 eng d |
| 010 |
|
|
|a \\\88017687
|
| 020 |
|
|
|a 0814714250 :
|c $35.00
|
| 020 |
|
|
|a 0814714269 (pbk.) :
|c $15.00
|
| 040 |
|
|
|a DLC
|c DLC
|d DLC
|
| 082 |
0 |
0 |
|a 335.4
|2 19
|
| 100 |
1 |
|
|a Catephores, George.
|
| 245 |
1 |
3 |
|a An introduction to Marxist economics /
|c George Catephores.
|
| 260 |
|
|
|a New York :
|b New York University Press,
|c 1989.
|
| 300 |
|
|
|a xv, 251 p. :
|b ill. ;
|c 25 cm.
|
| 504 |
|
|
|a Includes bibliographical references (p. 243-245) and index.
|
| 541 |
1 |
|
|e 00010999
|
| 650 |
|
0 |
|a Marxian economics.
|
| 852 |
4 |
|
|a Ayesha Abed Library
|j General shelf
|
| 999 |
|
|
|c 5160
|d 5160
|
| 952 |
|
|
|0 0
|1 0
|2 ddc
|4 0
|6 335_400000000000000_CAT_1989
|7 0
|9 5013
|a BRACUL
|b BRACUL
|c GEN
|d 2009-11-07
|g 0.00
|l 3
|m 19
|o 335.4 CAT
|p 3010010999
|r 2026-05-12
|s 2026-02-22
|t 1
|w 2009-11-07
|y BK
|x No price found in the accession register.
|